000 04531nam a22003737a 4500
003 CHAP
005 20250623092458.0
007 ta
008 250620s2003 mx ade|frm||| 001 0 spa d
040 _amxchpua
_cCHAP
041 0 _aspa
_beng
090 _aTesis
_bG89
_c2001
100 1 _aGuzmán Ángeles, José Luis
245 1 _aPropuesta de sistema de enfriamiento en equipos de pasteurización para uso rural /
_cJosé Luis Guzmán Ángeles
264 _aChapingo, México :
_bEl autor,
_c2001
300 _av, 82 hojas :
_bilustraciones, tablas, gráficas, planos
336 _2rdacontent
_atexto
_btxt
337 _2rdamedia
_ano mediado
_bn
338 _2rdacarrier
_avolumen
_bnc
502 _aTesis
_b(Ingeniero Agroindustrial) --
_cUACh. Departamento de Ingeniería Agroindustrial,
_d2001
504 _aBibliografía: 64-65
505 0 0 _a3 planos : -- 1. Sistema en fase de calentamiento -- 2. Sistema en fase de enfriamiento -- 3. Diagrama eléctrico del funcionamiento automático del pasteurizador-coagulador
520 3 _aPara la solución de los problemas de producción en la quesería rural, la Universidad Autónoma Chapingo a través del Departamento de Ingeniería Agroindustrial, propone un sistema de enfriamiento en equipos de pasteurización de uso rural a cuatro escalas (50, 100, 150 y 200 L ) con soportes técnicos y económicos que lo hacen factible de aplicar enequipos que procesen leche en la elaboración de quesos con calidad nutricional y comercial.Se desarrolló un modelo matemático que simulará la transferencia de calor, se rediseñaron algunos aspectos fisicos de la tina para que el modelo matemático fuera aplicado a los procesos de calentamiento retención y enfriamiento. Con el modelo matemático, se calcularon temperaturas y tiempos, en los procesos de calentamiento y enfriamiento obteniéndose cantidades de energía acumulada mediante simulación de transferencia de calor. Se propone un sistema de producción de frio (bomba de calor-refrigerador) de funcionamiento automático, que hará los procesos de calentamiento, retención y enfriamiento diseñado como equipo compacto pero con componentes que generan una dependencia tecnológica, lo que encarece su proceso de fabricación, pero que puede ser transportado a cualquier lugar donde se tenga energía eléctrica con un voltaje de127 volts y que su operación tenga las mínimas repercusiones de daño hacia el ambiente. De esta forma, se dan las bases teóricas de investigación, para dar continuidad al trabajo en la construcción fisica del prototipo, que caracterice el sistema de producción de frio y valide el modelo matemático de simulación de transferencia de calor obtenido.
520 3 _aTo solve the production problems at rural cheese factories, Agro-industrial Engineering Department to Chapingo University, proposes a cooling system equipment of pasteurization and it had used in rural areas to four scales (50, 100, 150 and 200 L) with technical and economic base that make it feasible apply to create equipment that processes milk, and produce cheeses with nutritional and commercial quality. It was developing a mathematical model to simulate the heat transference. It was redesigned some physical aspects of the bathtub so that the mathematical model had applied to the heating, retention and cooling processes. With the mathematical model had calculated temperatures and times for heating, and cooling. It was obtaining a amounts of energy accumulated, to heat transference process simulation. A cold system (heat pump-refrigerator) operates automatic, that will be the heating, retention and cooling processes it designed to be a compact equipment, but with components that generate a technological dependency.It increases in price its process of manufacture, but can be transported to any place where had 127 v to electrical energy. The operation could have minimum pollution repercussions towards the environmental. This research give a theoretical bases and it would use to make a physical prototype that characterise a cold system, then it validate a mathematical model to heat transference simulation
650 1 3 _aEnfriamiento
_2atg
650 1 3 _aPasteurización
_2atg
650 1 3 _aCooling
_2atg
650 1 3 _aPasteurization
_2atg
700 1 _aCovarrubias Gutiérrez, Ignacio
_edirector
700 1 _aReyes Vigil, Miguel
_easesor
700 1 _aSantos Moreno, Armando
_easesor
901 _aTESIS G89 2001
942 _2Clasificación Universidad Autónoma Chapingo
_cTesis
999 _c220658
_d220658